Riconosci l'Anno dagli eventi - Quiz n°332 - Statistics

Statistiche generali
  • Questo quiz è stato fatto 4 volte
  • Il punteggio medio è 7 su 9
Statistiche sulle risposte
Indizio Risposta % Corretto
A 1º gennaio - Caligola inaugura il secondo consolato, che eserciterà per 30 giorni.
100%
C Caligola ordina la costruzione di un ponte di barche lungo due miglia per collegare Baiae con Puteoli.
100%
D Erode Agrippa I, re di Giudea, accusa il tetrarca di Galilea e Perea Erode Antipa di aver cospirato contro Caligola. Antipa viene quindi esiliato e Agrippa ottiene i suoi territori.
100%
B Gaio Ofonio Tigellino (futuro capo dei pretoriani con Nerone) viene bandito da Roma per aver compiuto adulterio con la sorella dell'imperatore Caligola.
100%
E Caligola costituisce due nuove legioni (Legio XV Primigenia e Legio XXII Primigenia) in vista di una nuova campagna militare in Germania. Ma la spedizione viene interrotta a causa di una cospirazione guidata da Cassio Cherea. Nonostante non sia mai giunto in Germania, Caligola si fa proclamare "vittorioso" e ordina in suo onore un trionfo.
75%
F Caligola ordina la costruzione di una statua di se stesso da porre nel Tempio di Gerusalemme. Publio Petronio, governatore della Siria e incaricato di erigere la statua, affronta una grande sollevazione popolare degli Ebrei della regione (riuscendo a non eseguire mai il compito assegnatogli da Caligola).
75%
G Filone di Alessandria guida una delegazione di Ebrei a Roma per protestare delle dure condizioni di vita a cui sono sottoposti ad Alessandria d'Egitto.
50%
H In Vietnam le Sorelle Trưng organizzano la resistenza contro l'influenza dell'Impero cinese.
50%
Anno 39
25%
Nessun quiz corrispondente trovato
Distribuzione punteggi
Percentuale di utenti per punteggio
Percentile per numero di risposta
I tuoi punteggi nel tempo
Non hai fatto questo quiz